Hermitcraft 11 - All Members - Statistics

General Stats
  • This quiz has been taken 157 times
  • The average score is 21 of 25
Answer Stats
Hermit % Correct
Grian
100%
GeminiTay
98%
MumboJumbo
98%
PearlescentMoon
96%
Smallishbeans
94%
Scar
93%
ImpulseSV
91%
joehills
91%
Tango Tek
91%
Etho
90%
Skizzleman
89%
ZombieCleo
89%
BdoubleO
85%
False
83%
Xisuma
81%
Docm77
78%
Keralis
74%
rendog
73%
Vintage Beef
73%
xBCrafted
71%
Welsknight
70%
ZedaphPlays
70%
cubfan135
68%
Jevin
61%
Hypno
55%
No matching quizzes found
Score Distribution
Percent of People with Each Score
Percentile by Number Answered
Your Score History
You have not taken this quiz